000 00746nam a22002297a 4500
005 20130627151126.0
010 _aENG-107756
020 _a9781259097096
_c650.00
020 _a1259097099
_c650.00
035 _aEN-91289
037 _bDBAD/PUB
082 _a332.6457
100 _aSundaram, Rangarajan K.
245 _aDerivatives :
_cby Rangarajan K. Sundaram, Sanjiv R. Das
_bprinciples and practice /
260 _bTata McGraw Hill
_c2013
_aNew Delhi
270 _aP-24, Green Park Extnsion
_bNew Delhi
_e110016
300 _axxi, 900p.
_c24cm(pbk)
_bill.
500 _aIncludes bibliographical references and index
650 _aDerivative securities
700 _aDas, Sanjiv R.
942 _2ddc
_cEN
_mSUN
_h332.6457
999 _c77050
_d77050